00426nam a2200133Ia 4500003000900000008004100009040001600050080001900066100001600085245011700101260004200218300001600260650001600276IN-BaIIA211028s9999 xx 000 0 eng d cIIA Library a519.246.8bWOL aWold Herman 2aA study in the analysis of stationary time seriesc Herman Wold  aStockholmbAlmqvist and Wiksellc1938 aviii, 236p. aTime series